000 00567nam a2200229Ia 4500
005 20250425161506.0
008 250425s9999 xx 000 0 und d
020 _a047145852X
041 _aeng
082 _a629.1323
100 _aKARAMCHETI, KRISHNAMURTY
245 0 _aPRINCIPLES OF IDEAL-FLUID AERODYNAMICS
250 _aS.E.
260 _aEstados Unidos
_bJOHN WILEY & SONS
_c1966
260 _aNEW YORK
300 _a636
650 _aAERODINAMICA
650 _aALGEBRA VECTORIAL
650 _aCIRCULOS DE EULER
942 _c01
010 _a21500
999 _c210325
_d210325